Вып. 36 : Физическая химия композиционных полимерных материалов; Композиционные полимерные материалы

Bibliographic Details
Parent link:Композиционные полимерные материалы: республиканский межведомственный сборник научных трудов/ Академия наук Украинской ССР (АН УССР), Институт химии высокомолекулярных соединений (ИХВС) ; отв. ред. Е. В. Лебедев. Вып. 36 : Физическая химия композиционных полимерных материалов.— , 1979-1991
Language:Russian
Published: 1988
Subjects:
Format: MixedMaterials Book
KOHA link:https://koha.lib.tpu.ru/cgi-bin/koha/opac-detail.pl?biblionumber=260966

MARC

LEADER 00000nam2a2200000 4500
001 260966
005 20231101233526.0
035 |a (RuTPU)RU\TPU\book\283937 
035 |a RU\TPU\book\273081 
090 |a 260966 
100 |a 20140520d1988 k y0rusy50 ca 
101 0 |a rus 
102 |a UA 
105 |a a z 001zy 
200 0 |a Вып. 36 : Физическая химия композиционных полимерных материалов 
210 |d 1988 
215 |a 60 с.  |c ил. 
320 |a Библиогр. в конце ст. 
461 1 |0 (RuTPU)RU\TPU\book\143378  |t Композиционные полимерные материалы  |o республиканский межведомственный сборник научных трудов  |f Академия наук Украинской ССР (АН УССР), Институт химии высокомолекулярных соединений (ИХВС) ; отв. ред. Е. В. Лебедев  |v Вып. 36 : Физическая химия композиционных полимерных материалов  |d 1979-1991 
606 1 |a Полимерные материалы  |2 stltpush  |3 (RuTPU)RU\TPU\subj\68289  |9 83717 
610 1 |a композиционные материалы 
610 1 |a физическая химия 
610 1 |a синтез 
610 1 |a химические процессы 
610 1 |a модификация 
610 1 |a полярные полимеры 
610 1 |a термодинамические свойства 
675 |a 678  |v 3 
801 1 |a RU  |b 63413507  |c 20070801  |g PSBO 
801 2 |a RU  |b 63413507  |c 20181207  |g PSBO 
942 |c BK